000 00479nam a2200145Ia 4500
008 100204s9999 xx 000 0 und d
082 _b20219
100 _aघाटे निरंजन
245 _aएकविसावं शतक
260 _b"मेहता पब्लिशिंग हाऊस , पुणे"
_c1997 2
300 _a250
630 _aएकविसावं शतक
730 _aएकविसावं शतक
942 _cBOOK
999 _c464641
_d464638